| 000 | 00784nam0a22002291 4500 | ||
|---|---|---|---|
| 001 | rc\883227 | ||
| 005 | 20250622030954.0 | ||
| 035 | _a(NLR Aleph) 006060711 | ||
| 090 |
_a4906053 _c4906053 |
||
| 100 | _a20041129d1983 |||y0rusy50 ca | ||
| 101 | 0 | _arus | |
| 102 | _aRU | ||
| 105 | _aa ||||||||| | ||
| 200 | 1 |
_aРазноцветная работа _e[Альбом с игровыми занятиями и рис. для раскрашивания _eДля дошк. возраста _fАвт.-худож. К. Врона] |
|
| 210 |
_aМ. _cМалыш _d1983 |
||
| 215 |
_a[16] с. _cил. _d28 |
||
| 700 | 1 |
_aВрона _bК.В. _gКонстантин Васильевич |
|
| 801 | 0 |
_aRU _bNLR _gpsbo |
|
| 801 | 1 |
_aRU _bELAR _2rusmarc |
|
| 852 |
_aNLR _j84-8/234 |
||
| 942 | _cBOOK | ||
| 980 | _aNB | ||